[Event "GBR-ch85"]
[Site "Torquay"]
[Date "1998.07.31"]
[Round "5.1"]
[White "Sadler, Matthew D"]
[Black "Short, Nigel David"]
[Result "1/2-1/2"]
[WhiteElo "2660"]
[BlackElo "2670"]
[PlyCount "143"]
[EventDate "1998.07.27"]
[EventType "swiss"]
[EventRounds "11"]
[EventCountry "GBR"]
[SourceTitle "BritBase"]
[Source "britbase.info"]
[SourceDate "2021.07.30"]
[SourceVersion "1"]
[SourceVersionDate "2021.07.30"]
[SourceQuality "1"]

1. d4 Nf6 2. c4 e6 3. Nc3 Bb4 4. e3 c5 5. Nge2 cxd4 6. exd4 O-O 7. a3 Be7 8. d5
exd5 9. cxd5 Bc5 10. Nd4 d6 11. Be2 a6 12. O-O Nbd7 13. Bg5 Re8 14. Nb3 Ba7 15.
Nd2 h6 16. Bh4 Ne5 17. Nde4 g5 18. Nxf6+ Qxf6 19. Bg3 Bf5 20. Kh1 Ng6 21. Bg4
Nf4 22. Bxf4 Bxg4 23. Qxg4 Qxf4 24. Qxf4 gxf4 25. Rad1 Rac8 26. g3 Rc4 27. Kg2
Bd4 28. Rd3 Bxc3 29. Rxc3 Rxc3 30. bxc3 Rc8 31. Rb1 b5 32. a4 Rc5 33. axb5 axb5
34. gxf4 Kg7 35. Rb4 Kf6 36. f3 Kf5 37. Kg3 f6 38. h3 Rxd5 39. c4 bxc4 40. Rxc4
Rc5 41. Re4 Rc8 42. Re7 Rd8 43. Rh7 Kg6 44. Ra7 d5 45. Kf2 d4 46. Ke2 Kf5 47.
Rh7 Kxf4 48. Rxh6 f5 49. h4 d3+ 50. Kd2 Kxf3 51. h5 Kf4 52. Rf6 Kg5 53. Rf7 Rd5
54. Rh7 Kh4 55. Rh8 Kg4 56. Rh7 Rd8 57. Rf7 Kg5 58. Rh7 f4 59. Kd1 Rf8 60. Ke1
Re8+ 61. Kd2 Rd8 62. Rf7 Rd6 63. Rf8 Kg4 64. Rf7 Rd4 65. Rh7 f3 66. h6 f2 67.
Rg7+ Kf3 68. Rf7+ Kg2 69. h7 Rh4 70. Rg7+ Kf1 71. Rf7 Rh3 72. Re7 1/2-1/2

[Event "GBR-ch85"]
[Site "Torquay"]
[Date "1998.07.31"]
[Round "5.2"]
[White "Sasikiran, Krishnan"]
[Black "Speelman, Jonathan S"]
[Result "1/2-1/2"]
[WhiteElo "2470"]
[BlackElo "2600"]
[PlyCount "77"]
[EventDate "1998.07.27"]
[EventType "swiss"]
[EventRounds "11"]
[EventCountry "GBR"]
[SourceTitle "BritBase"]
[Source "britbase.info"]
[SourceDate "2021.07.30"]
[SourceVersion "1"]
[SourceVersionDate "2021.07.30"]
[SourceQuality "1"]

1. d4 e6 2. c4 b6 3. e4 Bb7 4. Nc3 Bb4 5. f3 Qh4+ 6. g3 Qh5 7. Nh3 e5 8. d5 Ne7
9. Nf2 O-O 10. Be2 Qg6 11. Nd3 Bxc3+ 12. bxc3 d6 13. g4 Nd7 14. Be3 Nc5 15. Nf2
f6 16. h4 Qe8 17. Rb1 a5 18. Rh2 Ng6 19. Qd2 Ba6 20. h5 Nf4 21. Bxf4 exf4 22.
Qxf4 Qa4 23. Qd2 Bxc4 24. Bxc4 Qxc4 25. Rb2 a4 26. Qd4 a3 27. Rc2 Qb5 28. c4
Qa4 29. Nd3 Qe8 30. Rhe2 Ra4 31. Kf2 g5 32. hxg6 hxg6 33. Kg2 g5 34. Re1 Nxd3
35. Qxd3 Qe5 36. Rh1 Kg7 37. Qb3 Raa8 38. Qc3 Rh8 39. Rxh8 1/2-1/2

[Event "GBR-ch85"]
[Site "Torquay"]
[Date "1998.07.31"]
[Round "5.5"]
[White "Wells, Peter K"]
[Black "Gormally, Daniel"]
[Result "0-1"]
[WhiteElo "2515"]
[BlackElo "2400"]
[PlyCount "82"]
[EventDate "1998.07.27"]
[EventType "swiss"]
[EventRounds "11"]
[EventCountry "GBR"]
[SourceTitle "BritBase"]
[Source "britbase.info"]
[SourceDate "2021.07.30"]
[SourceVersion "1"]
[SourceVersionDate "2021.07.30"]
[SourceQuality "1"]

1. d4 d5 2. c4 c6 3. Nc3 Nf6 4. e3 a6 5. Nf3 b5 6. b3 Bg4 7. Be2 e6 8. O-O Nbd7
9. h3 Bh5 10. Bb2 Be7 11. Rc1 O-O 12. Ne5 Bxe2 13. Nxe2 Nxe5 14. dxe5 Nd7 15.
Nd4 Qb6 16. cxd5 cxd5 17. Rc6 Qb7 18. Qc2 Ra7 19. Rc1 Nxe5 20. Nxe6 Qxc6 21.
Nxf8 Qxc2 22. Rxc2 Nc4 23. Bd4 Rb7 24. bxc4 dxc4 25. Nxh7 Kxh7 26. f4 Ba3 27.
Kf2 Rc7 28. e4 b4 29. Ke3 a5 30. Bb6 Rb7 31. Bd4 b3 32. Rxc4 b2 33. Bxb2 Rxb2
34. Ra4 Bb4 35. Kf3 Kg6 36. g4 Kf6 37. e5+ Ke6 38. Ke4 Re2+ 39. Kd4 f5 40. exf6
Kxf6 41. Kc4 Re4+ 0-1

[Event "GBR-ch85"]
[Site "Torquay"]
[Date "1998.07.31"]
[Round "5.6"]
[White "Knott, Simon"]
[Black "Rowson, Jonathan"]
[Result "0-1"]
[WhiteElo "2340"]
[BlackElo "2495"]
[PlyCount "126"]
[EventDate "1998.07.27"]
[EventType "swiss"]
[EventRounds "11"]
[EventCountry "GBR"]
[SourceTitle "BritBase"]
[Source "britbase.info"]
[SourceDate "2021.07.30"]
[SourceVersion "1"]
[SourceVersionDate "2021.07.30"]
[SourceQuality "1"]

1. c4 e5 2. Nc3 d6 3. Nf3 f5 4. d4 e4 5. Bg5 Be7 6. Bxe7 Qxe7 7. Ng1 Nf6 8. e3
c6 9. h4 Na6 10. Nh3 Nc7 11. d5 cxd5 12. cxd5 Qe5 13. Nf4 O-O 14. Qd2 Bd7 15.
a4 a6 16. a5 Be8 17. Bc4 Bf7 18. Rd1 Rad8 19. Na4 g6 20. Qd4 Rfe8 21. Nb6 h6
22. Ne2 Na8 23. Na4 Qxd4 24. Rxd4 Re5 25. Nec3 Nc7 26. Nb6 Re7 27. Ke2 Nce8 28.
f4 exf3+ 29. gxf3 Ng7 30. Kf2 Rde8 31. Nd1 Nd7 32. Nxd7 Rxd7 33. Rg1 Nh5 34. b3
Rde7 35. Re1 Nf6 36. Nc3 Re5 37. Re2 Kg7 38. b4 g5 39. e4 fxe4 40. Nxe4 Nxe4+
41. Rexe4 Rxe4 42. Rxe4 Rxe4 43. fxe4 Be8 44. hxg5 hxg5 45. Bf1 Bd7 46. Ke3 Kf6
47. Kd4 g4 48. Bg2 Bb5 49. e5+ dxe5+ 50. Kc5 Kf5 51. d6 e4 52. Kd4 Ke6 53. Bxe4
Bc6 54. d7 Ke7 55. Bf5 Bxd7 56. Bd3 g3 57. Bf1 Bc6 58. Kc5 g2 59. Bxg2 Bxg2 60.
b5 axb5 61. Kxb5 Bf1+ 62. Kc5 Ke6 63. a6 Bxa6 0-1

[Event "GBR-ch85"]
[Site "Torquay"]
[Date "1998.07.31"]
[Round "5.8"]
[White "Buckley, Graeme"]
[Black "Ward, Christopher G"]
[Result "0-1"]
[WhiteElo "2295"]
[BlackElo "2505"]
[PlyCount "82"]
[EventDate "1998.07.27"]
[EventType "swiss"]
[EventRounds "11"]
[EventCountry "GBR"]
[SourceTitle "BritBase"]
[Source "britbase.info"]
[SourceDate "2021.07.30"]
[SourceVersion "1"]
[SourceVersionDate "2021.07.30"]
[SourceQuality "1"]

1. d4 Nf6 2. c4 e6 3. Nc3 Bb4 4. e3 b6 5. Bd3 Bb7 6. Nf3 Ne4 7. O-O f5 8. d5
Bxc3 9. bxc3 Nc5 10. Ba3 Nba6 11. Bc2 Qf6 12. Nd4 O-O 13. f3 g6 14. Qd2 e5 15.
Rf2 d6 16. Ne2 Nd7 17. Kh1 Nac5 18. Rg1 Ba6 19. g4 f4 20. g5 Qf7 21. Bxc5 Nxc5
22. exf4 Bxc4 23. f5 Qxd5 24. Qe3 gxf5 25. Rfg2 f4 26. Qf2 Nd3 27. Qh4 Qxf3 28.
Nc1 Nf2+ 29. Qxf2 Qxf2 30. Rxf2 Bd5+ 31. Rgg2 Kg7 32. c4 Bxc4 33. Rg4 Be6 34.
Rh4 Bf5 35. Nd3 c5 36. Rh6 Rad8 37. Rd2 Bg6 38. Nf2 d5 39. Bxg6 hxg6 40. Ng4
Rf5 41. h4 e4 0-1

[Event "GBR-ch85"]
[Site "Torquay"]
[Date "1998.07.31"]
[Round "5.9"]
[White "Summerscale, Aaron"]
[Black "Williams, Simon Kim"]
[Result "1-0"]
[WhiteElo "2455"]
[BlackElo "2335"]
[PlyCount "67"]
[EventDate "1998.07.27"]
[EventType "swiss"]
[EventRounds "11"]
[EventCountry "GBR"]
[SourceTitle "BritBase"]
[Source "britbase.info"]
[SourceDate "2021.07.30"]
[SourceVersion "1"]
[SourceVersionDate "2021.07.30"]
[SourceQuality "1"]

1. d4 e6 2. c4 b6 3. e4 Bb7 4. Bd3 f5 5. exf5 Bb4+ 6. Kf1 exf5 7. c5 bxc5 8. a3
c4 9. Bxc4 Bd6 10. Qb3 Ba6 11. Bxa6 Nxa6 12. Nf3 Nf6 13. Nc3 c6 14. Bg5 Qb6 15.
Re1+ Kd8 16. Bxf6+ gxf6 17. Qc2 Qa5 18. g3 Nc7 19. Kg2 f4 20. d5 Nxd5 21. Nxd5
cxd5 22. Qf5 Qb6 23. Rd1 Rc8 24. Qxd5 Rc2 25. Rd4 Kc7 26. Rhd1 Bc5 27. Qe4 Rxb2
28. Rxd7+ Kb8 29. Qxf4+ Ka8 30. Qe4+ Kb8 31. R1d2 Rc8 32. a4 Rxd2 33. Nxd2 Bxf2
34. Qf4+ 1-0

[Event "GBR-ch85"]
[Site "Torquay"]
[Date "1998.07.31"]
[Round "5.10"]
[White "Ledger, Andrew"]
[Black "Lalic, Susan"]
[Result "1/2-1/2"]
[WhiteElo "2450"]
[BlackElo "2350"]
[PlyCount "89"]
[EventDate "1998.07.27"]
[EventType "swiss"]
[EventRounds "11"]
[EventCountry "GBR"]
[SourceTitle "BritBase Aug 2004"]

1. e4 e6 2. d4 d5 3. Nd2 dxe4 4. Nxe4 Nd7 5. Nf3 Ngf6 6. Nxf6+ Nxf6 7. Bd3 c5
8. O-O cxd4 9. Nxd4 Bc5 10. Nb3 Be7 11. Qe2 O-O 12. Bf4 Nd5 13. Be5 Bf6 14.
Rfd1 Bxe5 15. Qxe5 Qf6 16. Qe4 g6 17. c3 Rb8 18. Qa4 a6 19. Be4 b5 20. Qa5 b4
21. c4 Nb6 22. c5 Nc4 23. Qc7 Qe5 24. Qxe5 Nxe5 25. Rac1 f5 26. f4 fxe4 27.
fxe5 e3 28. c6 a5 29. Nc5 e2 30. Re1 Rb6 31. Ne4 Ba6 32. c7 Rf1+ 33. Rxf1
exf1=Q+ 34. Rxf1 Rc6 35. Nf6+ Kf7 36. Rd1 Rxc7 37. Nxh7 Rc2 38. Rd7+ Ke8 39.
Nf6+ Kf8 40. Rd6 Bc4 41. b3 Rxa2 42. Rd8+ Ke7 43. Rd7+ Kf8 44. bxc4 b3 45. Nh7+
1/2-1/2

[Event "GBR-ch85"]
[Site "Torquay"]
[Date "1998.07.31"]
[Round "5.11"]
[White "Kelly, Brian"]
[Black "Dyce, Andrew"]
[Result "1-0"]
[WhiteElo "2405"]
[BlackElo "2295"]
[PlyCount "83"]
[EventDate "1998.07.27"]
[EventType "swiss"]
[EventRounds "11"]
[EventCountry "GBR"]
[SourceTitle "BritBase"]
[Source "britbase.info"]
[SourceDate "2021.07.30"]
[SourceVersion "1"]
[SourceVersionDate "2021.07.30"]
[SourceQuality "1"]

1. Nf3 Nf6 2. c4 e6 3. Nc3 Nc6 4. d4 Bb4 5. Qc2 d5 6. a3 Bxc3+ 7. Qxc3 Ne4 8.
Qc2 O-O 9. e3 a5 10. b3 Qe7 11. Be2 Bd7 12. O-O f5 13. Nd2 Rf6 14. f3 Nxd2 15.
Bxd2 f4 16. Qc3 Rh6 17. exf4 Qh4 18. h3 e5 19. fxe5 Nxd4 20. Rf2 Rg6 21. Bf1
Bxh3 22. cxd5 Nf5 23. Qc4 Qh5 24. d6+ Kh8 25. Bf4 cxd6 26. exd6 Nh4 27. Qe4 Rf8
28. Rd1 Qc5 29. Be3 Qh5 30. Bf4 Qc5 31. Rc1 Qh5 32. Qe7 Rg8 33. Rc3 Nf5 34.
Qxb7 Nd4 35. Qe4 Ne6 36. Be3 Bf5 37. Qe5 Rf8 38. d7 Qh4 39. Rc8 Nd8 40. Qd5 Re6
41. Bc5 Qe7 42. Bxe7 1-0

[Event "GBR-ch85"]
[Site "Torquay"]
[Date "1998.07.31"]
[Round "5.12"]
[White "Houska, Miroslav"]
[Black "Hunt, Adam"]
[Result "1/2-1/2"]
[WhiteElo "2375"]
[BlackElo "2265"]
[PlyCount "119"]
[EventDate "1998.07.27"]
[EventType "swiss"]
[EventRounds "11"]
[EventCountry "GBR"]
[SourceTitle "BritBase"]
[Source "britbase.info"]
[SourceDate "2021.07.30"]
[SourceVersion "1"]
[SourceVersionDate "2021.07.30"]
[SourceQuality "1"]

1. d4 Nf6 2. Nf3 g6 3. Bg5 Bg7 4. Nbd2 O-O 5. e4 d5 6. Bxf6 Bxf6 7. e5 Bg7 8.
Bd3 c5 9. dxc5 Nd7 10. Qe2 Nxc5 11. h3 f6 12. O-O Qc7 13. Rae1 Ne6 14. Qe3 fxe5
15. Nxe5 Nf4 16. Nb3 Bf5 17. Nc1 Rad8 18. Bxf5 Rxf5 19. Ned3 e5 20. c3 a5 21.
Ne2 Nxd3 22. Qxd3 Qc5 23. Ng3 Rf4 24. Qe3 Qxe3 25. fxe3 Ra4 26. Ra1 b5 27. Rfd1
Rc4 28. Rd2 Kf7 29. Rad1 Ke6 30. Kf1 b4 31. cxb4 axb4 32. Ke2 h5 33. Nh1 Rc5
34. Nf2 Ra8 35. Nd3 Rb5 36. Rc2 Bf8 37. Nc1 Rc5 38. Rxc5 Bxc5 39. Rf1 Bd6 40.
Kd2 Rf8 41. Rxf8 Bxf8 42. Nd3 Kf5 43. Ke2 Bd6 44. Nf2 e4 45. Nd1 g5 46. Kf2 g4
47. hxg4+ Kxg4 48. a3 b3 49. Nc3 Be5 50. Na4 d4 51. Nc5 dxe3+ 52. Kxe3 Bxb2 53.
Nxb3 Bxa3 54. Kxe4 Kg3 55. Nd4 Kxg2 56. Nf5 Bc1 57. Nh4+ Kg3 58. Ng6 Kg4 59.
Ne5+ Kh4 60. Kf3 1/2-1/2

[Event "GBR-ch85"]
[Site "Torquay"]
[Date "1998.07.31"]
[Round "5.13"]
[White "Rayner, Francis"]
[Black "Conquest, Stuart"]
[Result "0-1"]
[WhiteElo "2235"]
[BlackElo "2490"]
[PlyCount "62"]
[EventDate "1998.07.27"]
[EventType "swiss"]
[EventRounds "11"]
[EventCountry "GBR"]
[SourceTitle "BritBase"]
[Source "britbase.info"]
[SourceDate "2021.07.30"]
[SourceVersion "1"]
[SourceVersionDate "2021.07.30"]
[SourceQuality "1"]

1. c4 e5 2. g3 Nf6 3. Bg2 c6 4. Nf3 e4 5. Nd4 Qb6 6. Nb3 a5 7. d3 a4 8. c5 Qa7
9. Nd4 Bxc5 10. Nf5 Bxf2+ 11. Kf1 e3 12. Nxg7+ Kf8 13. Nf5 d5 14. Nh4 d4 15. b3
Be6 16. Ba3+ Kg7 17. Qc2 Nbd7 18. Bf3 Ne5 19. Kg2 Ng6 20. Nd2 Nxh4+ 21. gxh4
Rhg8 22. Rhf1 Qa5 23. Ne4 Nxe4 24. Bxe4 f5 25. Bf3 Kf7+ 26. Kh1 Bd5 27. b4
Bxf3+ 28. exf3 Qd5 29. Rxf2 exf2 30. Qxf2 Rae8 31. Bc1 Qxf3+ 0-1

[Event "GBR-ch85"]
[Site "Torquay"]
[Date "1998.07.31"]
[Round "5.16"]
[White "Eames, Robert"]
[Black "Bates, Richard A"]
[Result "1/2-1/2"]
[WhiteElo "2232"]
[BlackElo "2395"]
[PlyCount "52"]
[EventDate "1998.07.27"]
[EventType "swiss"]
[EventRounds "11"]
[EventCountry "GBR"]
[SourceTitle "BritBase Aug 2004"]

1. e4 c5 2. Nf3 d6 3. d4 cxd4 4. Nxd4 Nf6 5. Nc3 a6 6. Bc4 e6 7. Bb3 Nbd7 8. f4
Nc5 9. f5 Be7 10. O-O O-O 11. fxe6 fxe6 12. Nf5 b5 13. Bg5 Bb7 14. Nxe7+ Qxe7
15. Bxf6 Rxf6 16. Rxf6 gxf6 17. Qd4 Kh8 18. Rf1 Rf8 19. a3 a5 20. Ba2 Bc6 21.
b4 axb4 22. axb4 Nxe4 23. Nxe4 Bxe4 24. Qxe4 Qa7+ 25. Rf2 Qxa2 26. Qd4 Qd5
1/2-1/2

[Event "GBR-ch85"]
[Site "Torquay"]
[Date "1998.07.31"]
[Round "5.17"]
[White "Mutton, Jonathan"]
[Black "Wall, Gavin"]
[Result "0-1"]
[WhiteElo "2135"]
[BlackElo "2355"]
[PlyCount "62"]
[EventDate "1998.07.27"]
[EventType "swiss"]
[EventRounds "11"]
[EventCountry "GBR"]
[SourceTitle "BritBase"]
[Source "britbase.info"]
[SourceDate "2021.07.30"]
[SourceVersion "1"]
[SourceVersionDate "2021.07.30"]
[SourceQuality "1"]

1. e4 e5 2. Nf3 d6 3. d4 exd4 4. Nxd4 Nf6 5. Nc3 Be7 6. Bc4 O-O 7. O-O a6 8. a4
Nc6 9. Nxc6 bxc6 10. Bf4 a5 11. Qe2 Nd7 12. e5 d5 13. Bd3 Nc5 14. Qh5 Nxd3 15.
cxd3 Rb8 16. Rab1 Rb4 17. Qf3 Bf5 18. Qg3 Rxf4 19. Qxf4 Bxd3 20. Qd4 Bxf1 21.
Kxf1 Qb8 22. Ne2 Qb3 23. Nf4 Rb8 24. Rc1 Rb4 25. Qe3 Qxa4 26. g3 Qb5+ 27. Kg1
Qb6 28. Qf3 Rxb2 29. Kg2 Bg5 30. e6 fxe6 31. Nxe6 Rxf2+ 0-1

[Event "GBR-ch85"]
[Site "Torquay"]
[Date "1998.07.31"]
[Round "5.18"]
[White "Wismayer, Clive"]
[Black "Hinks-Edwards, Thomas"]
[Result "0-1"]
[WhiteElo "2125"]
[BlackElo "2315"]
[PlyCount "84"]
[EventDate "1998.07.27"]
[EventType "swiss"]
[EventRounds "11"]
[EventCountry "GBR"]
[SourceTitle "BritBase Aug 2004"]

1. e4 Nf6 2. Nc3 d5 3. exd5 Nxd5 4. Bc4 Nb6 5. Bb3 Nc6 6. Nf3 Bf5 7. d4 e6 8.
O-O Be7 9. Bf4 O-O 10. d5 exd5 11. Nxd5 Nxd5 12. Qxd5 Qxd5 13. Bxd5 Nb4 14.
Bxb7 Rab8 15. Nd4 Rxb7 16. Nxf5 Bf6 17. Ne3 Bxb2 18. Rab1 Nxa2 19. Nd5 c6 20.
Ne7+ Kh8 21. Nxc6 Nc3 22. Rbe1 h6 23. g3 Rc8 24. Ne7 Ra8 25. Be5 Rxe7 26. Bxc3
Rxe1 27. Bxe1 a5 28. Bd2 a4 29. Bc1 a3 30. Rd1 Bf6 31. Bxa3 Rxa3 32. Rd7 Kg8
33. Kf1 Rc3 34. Rd2 g5 35. h3 Kg7 36. Ke2 h5 37. Kd1 Kg6 38. Rd6 h4 39. Kd2
hxg3 40. fxg3 Rxg3 41. c4 Rxh3 42. c5 Rc3 0-1

[Event "GBR-ch85"]
[Site "Torquay"]
[Date "1998.07.31"]
[Round "5.20"]
[White "Ledger, David"]
[Black "Kennaugh, Charles"]
[Result "0-1"]
[WhiteElo "2220"]
[BlackElo "2290"]
[PlyCount "82"]
[EventDate "1998.07.27"]
[EventType "swiss"]
[EventRounds "11"]
[EventCountry "GBR"]
[SourceTitle "BritBase"]
[Source "britbase.info"]
[SourceDate "2021.07.30"]
[SourceVersion "1"]
[SourceVersionDate "2021.07.30"]
[SourceQuality "1"]

1. e4 e5 2. Bc4 Nc6 3. Nc3 Nf6 4. d3 Bb4 5. Nge2 d5 6. exd5 Nxd5 7. O-O Nxc3 8.
bxc3 Bc5 9. Ng3 O-O 10. Re1 Qh4 11. Re4 Qf6 12. Qe2 Bd7 13. Rb1 b6 14. Nh5 Qg6
15. d4 exd4 16. Nf4 Qd6 17. Nd5 Bf5 18. Bf4 Qg6 19. Rxd4 Rae8 20. Qd2 Nxd4 21.
cxd4 Bxc2 22. Rc1 Be4 23. f3 Bxd5 24. Bxd5 Bd6 25. Be4 Qh5 26. Bxd6 cxd6 27.
Rc7 d5 28. Bc2 Qh4 29. g3 Qh5 30. Qd3 Re1+ 31. Kg2 Rfe8 32. Bd1 Qg6 33. Qd2
R1e7 34. Rc3 h5 35. h4 Qf5 36. a3 g6 37. f4 Re1 38. Bf3 Qb1 39. Qf2 Rc1 40. Re3
Rec8 41. f5 Qxf5 0-1

[Event "GBR-ch85"]
[Site "Torquay"]
[Date "1998.07.31"]
[Round "5.21"]
[White "McDonnell, James"]
[Black "Basman, Michael John"]
[Result "0-1"]
[WhiteElo "2020"]
[BlackElo "2360"]
[PlyCount "68"]
[EventDate "1998.07.27"]
[EventType "swiss"]
[EventRounds "11"]
[EventCountry "GBR"]
[SourceTitle "BritBase"]
[Source "britbase.info"]
[SourceDate "2021.07.30"]
[SourceVersion "1"]
[SourceVersionDate "2021.07.30"]
[SourceQuality "1"]

1. e4 a6 2. d4 b5 3. Bd3 Bb7 4. Be3 Nf6 5. Nd2 e6 6. c3 c5 7. dxc5 Qc7 8. b4 d6
9. a4 bxa4 10. Qxa4+ Nbd7 11. cxd6 Bxd6 12. Ne2 O-O 13. h3 Ne5 14. Bc2 Bc6 15.
Qa5 Qb7 16. f3 Bb5 17. Qb6 Qd7 18. Bf2 Rfc8 19. f4 Nc6 20. Bb3 Nxb4 21. cxb4
Bxb4 22. Qd4 Qxd4 23. Nxd4 Nxe4 24. Be3 Rc3 25. Nxe4 Rxe3+ 26. Kf2 Rxe4 27.
Nxb5 Bc5+ 28. Kf3 Re3+ 29. Kg4 Rxb3 30. Nc7 Rc8 31. Nxa6 f5+ 32. Kh4 Be7+ 33.
Kh5 g6+ 34. Kh6 Rg3 0-1

[Event "GBR-ch85"]
[Site "Torquay"]
[Date "1998.07.31"]
[Round "5.23"]
[White "Smith, Andrew Philip"]
[Black "Richards, Heather"]
[Result "1-0"]
[WhiteElo "2290"]
[BlackElo "2130"]
[PlyCount "55"]
[EventDate "1998.07.27"]
[EventType "swiss"]
[EventRounds "11"]
[EventCountry "GBR"]
[SourceTitle "BritBase"]
[Source "britbase.info"]
[SourceDate "2021.07.30"]
[SourceVersion "1"]
[SourceVersionDate "2021.07.30"]
[SourceQuality "1"]

1. e4 e6 2. d4 d5 3. Nc3 Nf6 4. e5 Nfd7 5. Qh5 c5 6. Nf3 cxd4 7. Nxd4 g6 8. Qg4
Nxe5 9. Qg3 Bg7 10. Bf4 Nbc6 11. Nxc6 Nxc6 12. Bc7 Qf6 13. Bd6 Nd4 14. Bd3 Bd7
15. O-O-O Nf5 16. Bxf5 Qxf5 17. Rhe1 Rc8 18. Rd3 d4 19. Rf3 Qa5 20. Qh4 g5 21.
Qh5 Rf8 22. Bxf8 dxc3 23. Qxf7+ Kd8 24. Qe7+ Kc7 25. Qd6+ Kd8 26. Rd1 cxb2+ 27.
Kb1 Rc7 28. Bxg7 1-0

[Event "GBR-ch85"]
[Site "Torquay"]
[Date "1998.07.31"]
[Round "5.24"]
[White "Tebb, David"]
[Black "Hanley, Craig"]
[Result "1-0"]
[WhiteElo "2250"]
[BlackElo "2010"]
[PlyCount "83"]
[EventDate "1998.07.27"]
[EventType "swiss"]
[EventRounds "11"]
[EventCountry "GBR"]
[SourceTitle "BritBase"]
[Source "britbase.info"]
[SourceDate "2021.07.30"]
[SourceVersion "1"]
[SourceVersionDate "2021.07.30"]
[SourceQuality "1"]

1. e4 e6 2. d4 d5 3. e5 c5 4. c3 Nc6 5. Nf3 Bd7 6. Be2 cxd4 7. cxd4 Nge7 8. O-O
Nf5 9. Nc3 Be7 10. g4 Nh4 11. Nxh4 Bxh4 12. f4 f6 13. Be3 O-O 14. exf6 Bxf6 15.
Qd2 g6 16. Rf2 Bg7 17. Kg2 a6 18. Rh1 b5 19. h4 Qb6 20. Rd1 Rf7 21. Bf3 Ne7 22.
Rh1 Raf8 23. Ne2 Qd6 24. Kg1 Qc7 25. Kg2 h6 26. Rff1 Qb8 27. a3 Qc7 28. h5 Qd6
29. hxg6 Nxg6 30. g5 hxg5 31. fxg5 Bc6 32. Qc2 e5 33. dxe5 Bxe5 34. Rh6 Rg7 35.
Nd4 Bd7 36. Qb3 Rxf3 37. Rxf3 Bg4 38. Rf1 Bxd4 39. Bxd4 Nf4+ 40. Rxf4 Qxf4 41.
Qxd5+ Qf7 42. Qd8+ 1-0

[Event "GBR-ch85"]
[Site "Torquay"]
[Date "1998.07.31"]
[Round "5.25"]
[White "Houska, Jovanka"]
[Black "Alfred, Nathan"]
[Result "1-0"]
[WhiteElo "2190"]
[BlackElo "2235"]
[PlyCount "95"]
[EventDate "1998.07.27"]
[EventType "swiss"]
[EventRounds "11"]
[EventCountry "GBR"]
[SourceTitle "BritBase"]
[Source "britbase.info"]
[SourceDate "2021.07.30"]
[SourceVersion "1"]
[SourceVersionDate "2021.07.30"]
[SourceQuality "1"]

1. e4 c5 2. Nf3 d6 3. c3 Nf6 4. Be2 Nbd7 5. d3 g6 6. O-O Bg7 7. Re1 e5 8. d4
O-O 9. dxe5 dxe5 10. Qc2 b6 11. a4 Bb7 12. Bc4 a6 13. Na3 Qc7 14. Bg5 h6 15.
Bh4 Bc6 16. Rad1 Qb7 17. Bd3 b5 18. axb5 axb5 19. c4 b4 20. Nb5 Ra6 21. Nd2
Rfa8 22. f3 Nf8 23. Nb3 Ne6 24. Bf1 Nd7 25. Be7 Nd4 26. Qd3 Bf8 27. Bxf8 Kxf8
28. f4 Nxb3 29. Qxb3 exf4 30. Nd6 Qc7 31. Qf3 Kg8 32. Qxf4 Nf8 33. Qxh6 Ba4 34.
Nb5 Qe7 35. Rd3 g5 36. Qh5 Rg6 37. Rh3 Qe5 38. Nc7 Ra7 39. Nd5 Qd4+ 40. Kh1 Qg7
41. e5 Ne6 42. Nf6+ Kf8 43. Qh8+ Qxh8 44. Rxh8+ Kg7 45. Rh7+ Kf8 46. Bd3 Rg7
47. Rh8+ Ke7 48. Ra1 1-0

[Event "GBR-ch85"]
[Site "Torquay"]
[Date "1998.07.31"]
[Round "5.26"]
[White "Moskovic, David M"]
[Black "Holmes, Michael"]
[Result "1-0"]
[WhiteElo "2235"]
[BlackElo "1999"]
[PlyCount "95"]
[EventDate "1998.07.27"]
[EventType "swiss"]
[EventRounds "11"]
[EventCountry "GBR"]
[SourceTitle "BritBase"]
[Source "britbase.info"]
[SourceDate "2021.07.30"]
[SourceVersion "1"]
[SourceVersionDate "2021.07.30"]
[SourceQuality "1"]

1. e4 c5 2. Nf3 Nc6 3. d4 cxd4 4. Nxd4 Qb6 5. Nb3 Nf6 6. Nc3 e6 7. Be3 Qc7 8.
Bd3 Bb4 9. f4 d5 10. e5 Nd7 11. O-O a6 12. Qg4 g6 13. Nd1 f5 14. Qe2 Na5 15.
Nxa5 Qxa5 16. c3 Be7 17. b4 Qc7 18. c4 dxc4 19. Bxc4 Nb6 20. Rc1 Nxc4 21. Rxc4
Qd8 22. Rd4 Bd7 23. Nc3 Qc7 24. Rc1 Qb8 25. b5 Bc5 26. Rxd7 Bxe3+ 27. Qxe3 Kxd7
28. Na4 Rd8 29. Nb6+ Ke8 30. Qb3 Ke7 31. Nxa8 Qxa8 32. Rc7+ Rd7 33. Qb4+ Ke8
34. Rxd7 Kxd7 35. Qd6+ Ke8 36. Qxe6+ Kf8 37. Qd6+ Ke8 38. b6 Qc8 39. Qc7 Qxc7
40. bxc7 Kd7 41. a4 b6 42. Kf2 Kxc7 43. Ke3 h5 44. h4 Kd8 45. Kd4 Kc7 46. Kd5
Kd7 47. g3 Kc7 48. Ke6 1-0

[Event "GBR-ch85"]
[Site "Torquay"]
[Date "1998.07.31"]
[Round "5.27"]
[White "Buckley, Melanie"]
[Black "Stephenson, F Norman"]
[Result "1/2-1/2"]
[WhiteElo "2005"]
[BlackElo "2215"]
[PlyCount "37"]
[EventDate "1998.07.27"]
[EventType "swiss"]
[EventRounds "11"]
[EventCountry "GBR"]
[SourceTitle "BritBase"]
[Source "britbase.info"]
[SourceDate "2021.07.30"]
[SourceVersion "1"]
[SourceVersionDate "2021.07.30"]
[SourceQuality "1"]

1. e4 c5 2. Nc3 e6 3. g3 d5 4. exd5 exd5 5. Bg2 Nf6 6. d3 d4 7. Ne4 Nxe4 8.
dxe4 Nc6 9. Ne2 Be7 10. O-O O-O 11. Nf4 a5 12. a3 a4 13. Nd5 Be6 14. c4 Ne5 15.
b3 Bxd5 16. exd5 Qb6 17. f4 Nd7 18. Rb1 Qa6 19. Rf2 1/2-1/2

[Event "GBR-ch85"]
[Site "Torquay"]
[Date "1998.07.31"]
[Round "5.29"]
[White "Cooper, Andrew G"]
[Black "Jackson, Oliver"]
[Result "0-1"]
[WhiteElo "2145"]
[BlackElo "2255"]
[PlyCount "82"]
[EventDate "1998.07.27"]
[EventType "swiss"]
[EventRounds "11"]
[EventCountry "GBR"]
[SourceTitle "BritBase"]
[Source "britbase.info"]
[SourceDate "2021.07.30"]
[SourceVersion "1"]
[SourceVersionDate "2021.07.30"]
[SourceQuality "1"]

1. d4 Nf6 2. c4 c5 3. d5 b5 4. cxb5 a6 5. Nc3 axb5 6. e4 b4 7. Nb5 d6 8. Bc4
Nbd7 9. Nf3 Nb6 10. Bd3 g6 11. b3 Bg7 12. Bb2 O-O 13. O-O Qd7 14. Qc2 Ba6 15.
a4 bxa3 16. Nxa3 Bxd3 17. Qxd3 Nfxd5 18. Bxg7 Nf4 19. Qe3 Qg4 20. g3 Nh3+ 21.
Kg2 Kxg7 22. Qc3+ Kg8 23. Nc2 Rxa1 24. Rxa1 Nf4+ 25. Kh1 Ne6 26. Nd2 Qe2 27.
Kg2 Ng5 28. Re1 Qg4 29. f4 Qh3+ 30. Kh1 Ne6 31. Nf3 d5 32. exd5 Nxd5 33. Qe5
Ndxf4 34. Rg1 Rd8 35. Nce1 Nd3 36. Nxd3 Rxd3 37. Ra1 Rd8 38. Ng5 Qh5 39. h4 h6
40. Nxf7 Rd1+ 41. Kh2 Qxe5 0-1

[Event "GBR-ch85"]
[Site "Torquay"]
[Date "1998.07.31"]
[Round "5.30"]
[White "Rendle, Thomas"]
[Black "Morrison, Chris"]
[Result "1/2-1/2"]
[WhiteElo "1848"]
[BlackElo "2200"]
[PlyCount "31"]
[EventDate "1998.07.27"]
[EventType "swiss"]
[EventRounds "11"]
[EventCountry "GBR"]
[SourceTitle "BritBase"]
[Source "britbase.info"]
[SourceDate "2021.07.30"]
[SourceVersion "1"]
[SourceVersionDate "2021.07.30"]
[SourceQuality "1"]

1. e4 d6 2. d4 Nf6 3. Nc3 e5 4. dxe5 dxe5 5. Qxd8+ Kxd8 6. Bc4 Be6 7. Bxe6 fxe6
8. f3 Nc6 9. Be3 Bd6 10. O-O-O Ke7 11. Nh3 h6 12. Nf2 Nh5 13. Rd2 Nf4 14. Nd3
g5 15. Rhd1 a6 16. Nc5 1/2-1/2